Dôležité zmeny v Zákonníku práce

Predĺženie pracovnej zmluvy na dobu určitú. Skúšobná lehota zamestnancov a vedúcich pracovníkov. Zmena vo výpovedných lehotách. Dovolenka. Stravné lístky. Maximálny počet nadčasových hodín. Delené pracovné miesto. Konto pracovného času. Rôzne minimálne mzdy pri rôznych profesiách. Pružnosť pri nočný...

Description complète

Enregistré dans:
Détails bibliographiques
Auteur principal: Žitňanský, Eduard
Format: Chapitre de livre
Langue:slovaque
Sujets:
Tags: Ajouter un tag
Pas de tags, Soyez le premier à ajouter un tag!

MARC

LEADER 00000naa a2200000 4500
001 0135607
005 20231113071239.6
041 0 |a slo 
044 |a SK 
245 1 0 |a Dôležité zmeny v Zákonníku práce  |c Eduard Žitňanský 
520 |a Predĺženie pracovnej zmluvy na dobu určitú. Skúšobná lehota zamestnancov a vedúcich pracovníkov. Zmena vo výpovedných lehotách. Dovolenka. Stravné lístky. Maximálny počet nadčasových hodín. Delené pracovné miesto. Konto pracovného času. Rôzne minimálne mzdy pri rôznych profesiách. Pružnosť pri nočných zmenách. 
610 2 0 |a zákonník práce 
610 2 0 |a vzťahy pracovnoprávne 
610 2 0 |a zmluvy pracovné 
610 2 0 |a dovolenka 
610 2 0 |a práca nadčasová 
610 2 0 |a práca na zmeny 
610 2 0 |a čas pracovný 
610 2 0 |a výpoveď 
610 2 0 |a mzdy minimálne 
100 1 |a Žitňanský, Eduard